Les plus grands pays commençant par la lettre K - Statistiques

Statistiques générales
  • Ce quiz a été pris 71 fois
  • Le résultat moyen est 4 sur 5
Statistiques - réponses
Superficie (km²) Position dans le monde
en termes de superficie
Pays % Correct
2 724 902 9 Kazakhstan
96%
591 958 47 Kenya
84%
199 949 87 Kirghizistan
75%
17 818 154 Koweït
74%
10 887 163 Kosovo
61%
Aucun quiz correspondant
Distribution des résultats
% des personnes avec chaque résultat
Percentile par nombre de réponses
Votre historique - résultats
Vous n’avez pas pris ce quiz